Symmetries and differential equations / (Record no. 29712)

000 -LEADER
fixed length control field 00877 a2200229 4500
020 ## - INTERNATIONAL STANDARD BOOK NUMBER
International Standard Book Number 0387969969
020 ## - INTERNATIONAL STANDARD BOOK NUMBER
International Standard Book Number 9780387969961
082 ## - DEWEY DECIMAL CLASSIFICATION NUMBER
Classification number 515.35
090 ## - LOCALLY ASSIGNED LC-TYPE CALL NUMBER (OCLC); LOCAL CALL NUMBER (RLIN)
-- 1095
-- 1095
100 1# - MAIN ENTRY--PERSONAL NAME
Personal name Bluman, George W.
245 10 - TITLE STATEMENT
Title Symmetries and differential equations /
Statement of responsibility, etc. George W. Bluman, S. Kumei, G. W. Bluman.
250 ## - EDITION STATEMENT
Edition statement 2nd ed.
260 ## - PUBLICATION, DISTRIBUTION, ETC.
Place of publication, distribution, etc. [S.l.] :
Name of publisher, distributor, etc. Springer,
Date of publication, distribution, etc. 1989.
300 ## - PHYSICAL DESCRIPTION
Extent 432 p. ;
Dimensions 25 cm.
490 1# - SERIES STATEMENT
Series statement Applied mathematical sciences.
700 1# - ADDED ENTRY--PERSONAL NAME
Personal name Kumei, S.
700 1# - ADDED ENTRY--PERSONAL NAME
Personal name Bluman, G. W.
830 #0 - SERIES ADDED ENTRY--UNIFORM TITLE
Uniform title Applied mathematical sciences.
942 ## - ADDED ENTRY ELEMENTS (KOHA)
Institution code [OBSOLETE] SNS
Koha item type Book
Call number prefix 515.35 BLU
Holdings
Withdrawn status Lost status Source of classification or shelving scheme Damaged status Not for loan Permanent Location Current Location Shelving location Date acquired Full call number Barcode Date last seen Price effective from Koha item type Total Checkouts Date last checked out
        Not For Loan School of Natural Sciences (SNS) School of Natural Sciences (SNS) Reference 05/26/2016 515.35 BLU SNS0001532 05/26/2016 05/26/2016 Book    
          School of Natural Sciences (SNS) School of Natural Sciences (SNS)   05/26/2016 515.35 BLU SNS0001533 08/01/2025 05/26/2016 Book 6 04/25/2025
© 2023 Central Library, National University of Sciences and Technology. All Rights Reserved.